| 000 | 00476nam a2200169Ia 4500 | ||
|---|---|---|---|
| 003 | GCL | ||
| 008 | 140319s9999 xx 000 0 ara d | ||
| 040 |
_aGCL / _cGCL |
||
| 082 | 0 | 4 |
_a812.041 _bب ج |
| 100 | 1 | _aبول سارتر، جان | |
| 245 | 1 | 0 |
_aجلسة سرية / _cبول سارتر، جان |
| 700 | 1 | _aمجاهد عبدالمنعم مجاهد | |
| 490 | _a | ||
| 650 | 0 | 4 | _aالمسرحيات |
| 650 | 0 | 4 | _aالمسرحيات الفرنسية |
| 942 |
_2ddc _cBK |
||
| 999 |
_c40270 _d40270 |
||